Spell the Marvel Character #339 - Statistics

General Stats
  • This quiz has been taken 16 times
  • The average score is 6 of 10
Answer Stats
Picture Answer % Correct
Iron Man
94%
America Chavez
75%
Emma Frost
69%
Gwenpool
69%
Rogue
69%
Lockheed
56%
Doc Samson
50%
Fantomex
50%
Lifeguard
50%
Ultragirl
38%
No matching quizzes found
Score Distribution
Percent of People with Each Score
Percentile by Number Answered
Your Score History
You have not taken this quiz